| 000 | 00572nam a22002057a 4500 | ||
|---|---|---|---|
| 005 | 20260306165217.0 | ||
| 100 | _aMa, R. | ||
| 245 | _aStudy on self‑healing natural rubber based on reversible Zn2⁺ salt bond network | ||
| 260 |
_bJournal of Polymer Research, 32 _c2025 |
||
| 300 | _bOnline | ||
| 650 | _aSelf-healing | ||
| 650 | _aReversible Zn | ||
| 650 | _aSalt bond | ||
| 650 | _aCross-linked network | ||
| 650 | _aHealing temperature | ||
| 700 | _aZhang, T. | ||
| 700 | _aLiang, Y. | ||
| 856 | _uhttps://doi.org/10.1007/s10965-025-04343-x | ||
| 942 | _cJS | ||
| 999 |
_c75858 _d75858 |
||